Language Quiz

Random Language or French Quiz

In 6 Languages: Vegetables Quiz Stats

Quiz Updated Sep 21, 2015

Challenge
Share
Tweet
Score 0/10 Timer 05:00
0 Plays Today
% Correct
Broccoli
97%
Cauliflower
89.8%
Asparagus
89.2%
Corn
86.5%
Spinach
86.1%
Lettuce
57.3%
Beans
48.4%
Onion
48.2%
Carrot
46%
Peas
25.4%

You're not logged in!

Compare scores with friends on all Sporcle quizzes.
Sign Up with Email
OR
Log In

You Might Also Like...

Show Comments

Extras

Top Quizzes Today


Score Distribution

Your Account Isn't Verified!

In order to create a playlist on Sporcle, you need to verify the email address you used during registration. Go to your Sporcle Settings to finish the process.